Normale Ansicht MARC-Ansicht ISBD

The Long Death of Adolf Hitler : (Titelsatznr. 74090)

[ MARC ]
MARC-Details
000 -Satzkennung
Kontrollfeld mit fester Länge 01507nam a22003253i 4500
001 - Kontrollnummer
Kontrollfeld EBC32542394
003 - Kontrollnummer Identifier
Kontrollfeld MiAaPQ
005 - Datum und Zeit der letzten Transaktion
Kontrollfeld 20260416173615.0
007 - Feld mit fester Länge zur physischen Beschreibung - Allgemeine Information
Kontrollfeld mit fester Länge cr cnu||||||||
008 - Feld mit fester Länge zur physischen Beschreibung - Allgemeine Angaben
Kontrollfeld mit fester Länge 260416s2026 xx o ||||0 eng d
020 ## - Internationale Standardbuchnummer
Internationale Standardbuchnummer 9780300289657
Nähere Angaben (electronic bk.)
020 ## - Internationale Standardbuchnummer
Gelöschte/ungültige ISBN 9780300284911
040 ## - Katalogisierungsquelle
Original-Katalogisierungsstelle MiAaPQ
Katalogisierungssprache eng
Übertragungsstelle MiAaPQ
100 1# - Haupteintragung - Personenname
Personenname Sharples, Caroline.
Koha-Normdatenidentnummer 67941
245 14 - Titel
Titel The Long Death of Adolf Hitler :
Zusatz zum Titel An Investigative History.
250 ## - Ausgabebezeichnung
Ausgabebezeichnung 1st ed.
264 #1 - Produktion, Veröffentlichung, Distribution, Herstellung und Urheberrechtsvermerk
Herstellungs-, Veröffentlichungs- Vertriebs-, Erzeugungsort New Haven :
Produzent, Herausgeber, Distributor, Hersteller Yale University Press,
Datum der Herstellung, der Veröffentlichung, des Vertriebs oder des Urheberschutzvermerks 2026.
264 #4 - Produktion, Veröffentlichung, Distribution, Herstellung und Urheberrechtsvermerk
Datum der Herstellung, der Veröffentlichung, des Vertriebs oder des Urheberschutzvermerks ©2026.
300 ## - Physische Beschreibung
Umfang 1 online resource (337 pages)
336 ## - Inhaltstyp
Inhaltstypterm Text
Inhaltstypcode txt
Quelle rdacontent
337 ## - Medientyp
Bezeichnung des Medientyps Computermedien
Medientypcode c
Quelle rdamedia
338 ## - Datenträgertyp
Datenträgertypbezeichnung Online Resource
Datenträgertypcode cr
Quelle rdacarrier
500 ## - Allgemeine Fußnote
Allgemeine Fußnote E-Book-ProQuest / Fernzugriff nach Registrierung möglich
520 ## - Fußnote zu Zusammenfassungen usw.
Fußnote zur Zusammenfassung usw. A fascinating exploration of why Hitler's death was only confirmed in 2018   Adolf Hitler has taken a long time to die, despite the lethal efficiency of the gun he put to his head in April 1945.Although eagerly anticipated around the world, there were no available witnesses to his suicide--and his corpse was not put on display.
655 ## - Indexierungsterm - Genre/Form
Genre/Form oder fokussierter Term Fernzugriff
Koha-Normdatenidentnummer 230
655 #4 - Indexierungsterm - Genre/Form
Genre/Form oder fokussierter Term
776 08 - Andere physische Form
Verweisungsphrase Print version:
Haupteintragung Sharples, Caroline
Titel The Long Death of Adolf Hitler
Ort, Verlag und Erscheinungsjahr New Haven : Yale University Press,c2026
Internationale Standardbuchnummer 9780300284911
856 40 - Elektronische Adresse und Zugriff
URL <a href="https://ebookcentral.proquest.com/lib/maxweberstiftung-ebooks/detail.action?docID=32542394">https://ebookcentral.proquest.com/lib/maxweberstiftung-ebooks/detail.action?docID=32542394</a>
OPAC-Notiz Volltext
942 ## - Zusätzliche Felder (Koha)
Koha-Medientyp E-Books
Exemplare
Ausgeschieden Verloren Klassifikation oder Aufstellungssystematik Beschädigt Nicht entleihbar Heimatbibliothek Aufenthaltsbibliothek Aufstellungsort Erwerbungsdatum Inventarnummer Signatur Barcode Letzte Aktivität Preis gültig von Koha-Medientyp
    Andere/Generische Klassifikation     MWN Osteuropa MWN Osteuropa Online-Ressource 16/04/2026 26-e00330 E-26-e00330 77027 16/04/2026 16/04/2026 E-Books